Convenio sobre el regimen de industrias centroamericanas de integración

Uloženo v:
Podrobná bibliografie
Médium: Text
Tagy: Přidat tag
Žádné tagy, Buďte první, kdo vytvoří štítek k tomuto záznamu!

MARC

LEADER 00000 a a2200000 04500
001 16081
003
040
245 |a Convenio sobre el regimen de industrias centroamericanas de integración 
773 |g número 1 -3; páginas 103-111  
999 |c 40207  |d 40207